Welcome to CU Library Online Public Access Catalogue (OPAC)

Newspaper organization and management / (Record no. 1727)

MARC details
000 -LEADER
fixed length control field 00743pam a2200229 i 4500
001 - CONTROL NUMBER
control field 1792026
005 - DATE AND TIME OF LATEST TRANSACTION
control field 20241129092610.0
008 - FIXED-LENGTH DATA ELEMENTS--GENERAL INFORMATION
fixed length control field 780630s1978 iaua b 001 0 eng
020 ## - INTERNATIONAL STANDARD BOOK NUMBER
International Standard Book Number 0813811503
050 00 - LIBRARY OF CONGRESS CALL NUMBER
Classification number PN4734
Item number .R78 1978
082 00 - DEWEY DECIMAL CLASSIFICATION NUMBER
Classification number 658/.91/07
100 1# - MAIN ENTRY--PERSONAL NAME
Personal name Williams, Herbert Lee.
245 10 - TITLE STATEMENT
Title Newspaper organization and management /
Statement of responsibility, etc. Herbert Lee Williams.
250 ## - EDITION STATEMENT
Edition statement 5th ed.
260 ## - PUBLICATION, DISTRIBUTION, ETC.
Place of publication, distribution, etc. Ames :
Name of publisher, distributor, etc. Iowa State University Press,
Date of publication, distribution, etc. 1978.
300 ## - PHYSICAL DESCRIPTION
Extent ix, 499 p. :
Other physical details ill. ;
Dimensions 24 cm.
500 ## - GENERAL NOTE
General note First-4th ed. by F. W. Rucker and H. L. Williams.
500 ## - GENERAL NOTE
General note Includes index.
650 #0 - SUBJECT ADDED ENTRY--TOPICAL TERM
Topical term or geographic name entry element Newspaper publishing.
700 1# - ADDED ENTRY--PERSONAL NAME
Personal name Rucker, Frank W.
Fuller form of name (Frank Warren).
Title of a work Newspaper organization and management.
942 ## - ADDED ENTRY ELEMENTS (KOHA)
Source of classification or shelving scheme Library of Congress Classification
Koha item type Books
Suppress in OPAC No
999 ## -
-- 1727
-- 1727
Holdings
Withdrawn status Lost status Source of classification or shelving scheme Damaged status Not for loan Collection Home library Current library Shelving location Date acquired Total checkouts Full call number Barcode Date last seen Copy number Price effective from Koha item type
    Library of Congress Classification     Non-fiction Business Library (Miotso) Business Library (Miotso) General stacks 04/24/2026   PN4734.R78 WIL BSSM00003856 04/24/2026 1 04/24/2026 Books
    Library of Congress Classification     Non-fiction Undergraduate Library (Christ Temple) Undergraduate Library (Christ Temple) General stacks 11/29/2024   PN4734.R78 WIL ulct00000434 11/29/2024 1 11/29/2024 Books
© 2023-2024 Copyright: Central University Libraries. All Rights Reserved | Created by: Mahone Tech Office